000 00190 a2200097 4500
001 5500
100 _aPrice,MP
245 _aHistory of turkey
260 _a
_bAllen
_c
090 _c4513
_d4513
942 _aNUST-CAE
_cM
_c30838
999 _c240573
_d240573